000 01153mam a2200349 a 4500
999 _c3714
_d3714
001 2101027
003 Nust
005 20170105101223.0
008 971205s1998 dcua b 000 0 eng
010 _a 97050467
020 _a082134174X
035 _a(OCoLC)ocm38073378
040 _aDLC
_cDLC
_dNNC
050 0 0 _aHD3612
_b.B78 1998
082 0 0 _a338.9
_221
100 1 _aBrunetti, Aymo.
245 1 0 _aHow businesses see government :
_bresponses from private sector surveys in 69 countries /
_cAymo Brunetti, Gregory Kisunko, Beatrice Weder.
260 _aWashington, D.C. :
_bWorld Bank,
_c1998.
263 _a9801
300 _avii, 66 p. :
_bill. ;
_c27 cm.
490 1 _aDiscussion paper / IFC, International Finance Corporation ;
_vno. 33
504 _aIncludes bibliographical references.
650 0 _aTrade regulation.
650 0 _aBusiness enterprises
_xGovernment policy.
650 0 _aIndustrial policy.
650 0 _aEntrepreneurship.
700 1 _aKisunko, Gregory.
700 1 _aWeder, Beatrice.
830 0 _aDiscussion paper (International Finance Corporation) ;
_vno. 33.
942 _2ddc
_cBK